Solídne výsledky v primeranom čase

Informácie o plnení úloh v oblasti regionálnej politiky z Ministerstva výstavby a regionálneho rozvoja. Programové dokumenty. Prípravné a monitorovacie výbory. Program Phare a jeho projekty.

Enregistré dans:
Détails bibliographiques
Format: Chapitre de livre
Langue:slovaque
Sujets:
Tags: Ajouter un tag
Pas de tags, Soyez le premier à ajouter un tag!

MARC

LEADER 00000naa a2200000 4500
001 r043235
005 20230927092429.6
041 0 |a slo 
044 |a SK 
245 1 0 |a Solídne výsledky v primeranom čase 
520 |a Informácie o plnení úloh v oblasti regionálnej politiky z Ministerstva výstavby a regionálneho rozvoja. Programové dokumenty. Prípravné a monitorovacie výbory. Program Phare a jeho projekty. 
610 2 0 |a politika regionálna 
610 2 0 |a programy rozvojové 
610 2 0 |a regióny 
610 2 0 |a podpora podnikania 
610 2 0 |a fondy podnikové podporné 
610 2 0 |a Slovensko